La Junta Suprema del Reyno á la nacion española. (Registro nro. 153936)
[ vista simple ]
| 000 -LEADER | |
|---|---|
| campo de control de longitud fija | 01080nam a22002415i 4500 |
| 001 - NÚMERO DE CONTROL | |
| campo de control | 153936 |
| 003 - IDENTIFICADOR DE NÚMERO DE CONTROL | |
| campo de control | ES-MaACL |
| 005 - FECHA Y HORA DE LA ÚLTIMA TRANSACCIÓN | |
| campo de control | 20240229062726.0 |
| 008 - DATOS DE LONGITUD FIJA--INFORMACIÓN GENERAL | |
| campo de control de longitud fija | 960617s1809 sp |||| | spa d |
| 040 ## - FUENTE DE CATALOGACIÓN | |
| Centro catalogador/agencia de origen | CLM |
| Lengua de catalogación | spa |
| Centro/agencia transcriptor | CLM |
| 110 2# - ENTRADA PRINCIPAL--NOMBRE DE ENTIDAD CORPORATIVA | |
| Nombre de entidad corporativa o nombre de jurisdicción como elemento de entrada | España. |
| Unidad subordinada | Junta Suprema Central. |
| 9 (RLIN) | 141469 |
| 245 13 - MENCIÓN DEL TÍTULO | |
| Título | La Junta Suprema del Reyno á la nacion española. |
| 260 ## - PUBLICACIÓN, DISTRIBUCIÓN, ETC. | |
| Lugar de publicación, distribución, etc. | [Sevilla? : |
| Nombre del editor, distribuidor, etc. | s.n., |
| Fecha de publicación, distribución, etc. | 1809?] |
| 300 ## - DESCRIPCIÓN FÍSICA | |
| Extensión | 12 p. ; |
| Dimensiones | 20 cm. |
| 520 ## - RESUMEN, ETC. | |
| Sumario, etc. | Proclama hecha por la Junta Suprema Central Gobernativa del Reino dando la noticia sobre la naturaleza del enemigo y sus mentiras durante la invasión napoleónica. |
| 594 ## - Nota al título y mención de responsabilidad | |
| Nota al título y mención de responsabilidad | Tít. tomado de la portadilla. |
| 594 ## - Nota al título y mención de responsabilidad | |
| Nota al título y mención de responsabilidad | A fin de texto consta: "Real Alcazar de Sevilla 21 de Noviembre de 1809" |
| 651 #4 - PUNTO DE ACCESO ADICIONAL DE MATERIA--NOMBRE GEOGRÁFICO | |
| Nombre geográfico | España- |
| Subdivisión general | Historia- |
| Subdivisión cronológica | 1808-1814, Guerra de la Independencia |
| 9 (RLIN) | 8244 |
| 700 1# - ENTRADA AGREGADA--NOMBRE PERSONAL | |
| Nombre de persona | Rivero, Pedro de. |
| 9 (RLIN) | 131870 |
| 700 1# - ENTRADA AGREGADA--NOMBRE PERSONAL | |
| Nombre de persona | Vera y Delgado, Juan Acisclo de, |
| Títulos y otros términos asociados al nombre | Arzobispo de Laodicea. |
| 9 (RLIN) | 141471 |
| 852 ## - LOCALIZACIÓN | |
| Ubicación | ES-MaACL |
| Número de control de estantería | R-3318(13) |
| Nota libre | .- Enc. en un vol. facticio con otras obras formando "Miscelanea patriotica" |
| Estatus retirado | Estado de pérdida | Estado de daño | No para préstamo | Colección | Biblioteca de origen | Biblioteca actual | Ubicación en estantería | Fecha de adquisición | Total de préstamos | Signatura topográfica completa | Código de barras | Visto por última vez | Precio de reemplazo | Tipo de ítem Koha |
|---|---|---|---|---|---|---|---|---|---|---|---|---|---|---|
| Libros del s. XIX | Biblioteca del Ateneo de Madrid | Biblioteca del Ateneo de Madrid | Depósito | 17/01/2008 | R-3318(13) | 1160943 | 23/02/2023 | 23/02/2023 | Libro impreso antiguo |
